000 01977nam0a2200337 4500
001 RU\NLR\BIBL_A\011375765
005 20260408175750.0
010 _a9785853417113
_9300
021 _aRU
_b2017-23652
_91748
035 _a(RuMoRGB)008843887
035 _a(NLR Aleph) 011375765
090 _a11376481
_c11376481
100 _a20170427d2016 k y0rusy50 ca
101 0 _arus
102 _aRU
105 _aa j 000zy
200 1 _aТехнологии научных исследований в физической культуре и спорте
_eучебное пособие
_eдля студентов высших учебных заведений, обучающихся по направлению подготовки 49.04.01 "Физическая культура"
_fЧереповецкий государственный университет
_g[З. С. Варфоломеева, канд. пед. наук, доцент и др.
_gнаучный редактор: Р.В. Тамбовцева, д-р биол. наук, профессор]
210 _aЧереповец
_cЧереповецкий государственный университет
_d2016
215 _a108 с.
_cил.
_d21
320 _aБиблиогр. в конце гл.
606 _aФизическая культура и спорт
_xНаучно-исследовательская работа
_jУчебные издания для высших учебных заведений
_3RU\NLR\AUTH\66870921
_91910865
686 _aЧ51в6я73-1
_2rubbk
686 1 _aЧ51е.я73
702 1 _aВарфоломеева
_bЗ. С.
_gЗоя Семеновна
_4220
702 1 _aТамбовцева
_bР. В.
_gРитта Викторовна
_4340
712 0 2 _4570
_aЧереповецкий государственный университет
_3RU\NLR\AUTH\8823681
_9321902
942 _cBOOK
980 _aNBR